Master Tara Singh in indian history: (Record no. 149940)

MARC details
000 -LEADER
fixed length control field 00683nam a22001937a 4500
005 - DATE AND TIME OF LATEST TRANSACTION
control field 20181122104131.0
010 ## - LCCN (DPL NO)
LC control number ENG-122271
020 ## - INTERNATIONAL STANDARD BOOK NUMBER
International Standard Book Number 9780199467099
Terms of availability 2,595.00
035 ## - SYSTEM CONTROL NUMBER
System control number EN-105803
037 ## - SOURCE OF ACQUISITION
Source of stock number/acquisition DBAD/PUB
082 ## - DEWEY DECIMAL CLASSIFICATION NUMBER
Classification number 954.07
100 ## - MAIN ENTRY--PERSONAL NAME
Personal name Grewal, J. S.
245 ## - TITLE STATEMENT
Title Master Tara Singh in indian history:
Statement of responsibility, etc colonialism, nationalism, and the politics of sikh identity /
Remainder of title by J. S. Grewal
260 ## - PUBLICATION, DISTRIBUTION, ETC. (IMPRINT)
Place of publication, distribution, etc New Delhi
Name of publisher, distributor, etc Oxford University Press
Date of publication, distribution, etc c2017
270 ## - ADDRESS
Address 2/11 Ground floor, Ansari Road, Daryaganj
City New Delhi
Postal code 110002
300 ## - PHYSICAL DESCRIPTION
Extent xvii, 757p.
Dimensions 25cm(hbk)
500 ## - GENERAL NOTE
General note It includes glossary, bibliography and index
942 ## - ADDED ENTRY ELEMENTS (KOHA)
Source of classification or shelving scheme Dewey Decimal Classification
Item type English Books
Classification part 954.07
Call number suffix GRE
Holdings
Withdrawn status Lost status Not for loan Collection code Home library Current library Date acquired Source of acquisition Cost, normal purchase price Full call number Barcode Copy number Cost, replacement price Koha item type
    Not For Loan Non-fiction D.B.Act.Division Bawana 15/02/2018 DBAD/PUB 2.00 954.07 GRE EN-105803 1 2.00 English Books

© Delhi Public Library
Hit Counter
free hit counter